Statistics for Geography Quizhanger #3

Click here to take the quiz!

General Stats

  • This quiz has been taken 245 times
  • The average score is 7 of 10

Answer Stats

ClueAnswer% Correct
Country whose capital is Asmara(E)ritrea
81%
Mountain range that casts a rain shadow over the Atacama desert(A)ndes
80%
State capital of North Carolina(R)aleigh
76%
Pacific country whose capital is Funafuti(T)uvalu
73%
Body of water named ‘La Manche’ in French(E)nglish Channel
70%
Language of the dominant ethnic group in Afghanistan(P)ashto
68%
The longest river in the UK(S)evern
65%
The old name for Burkina Faso (until 1984)(U)pper Volta
64%
Settlement between a homestead and a village on the settlement hierarchy(H)amlet
63%
RIVEREuphrates
54%

Score Distribution

Percentile by Number Answered

Percent of People with Each Score

Your Score History

You have not taken this quiz